000 00420nam a2200169Ia 4500
003 Ost
005 20260225132600.0
008 260225s9999||||xx |||||||||||||| ||und||
020 _a2800410337
040 _cfsic
041 _afre
082 _a70.4
100 _ageorges vandersanden
_eAuteur
245 0 _al'espace audiovisuel europuen :
245 0 _betudes européennes /
_cgeorges vandersanden
942 _cكتاب
999 _c34739
_d34739